00467nam a2200193 a 4500001001300000003000900013005001700022008004100039020001100080082001300091100001900104245002600123260003200149300000900181500003500190505001000225650001900235700001900254nice12345678IN_TiNIC20260116011257.0050524s1961 bosa grp 000 0 eng  ac89.700a292bGUT aGuthrie, W K C aGreeks and Their Gods aBostonbBeacon Press c1961 a387p aincludes index and biblioraphy2 aindex aGreek Religion1 aGuthrie, W K C